000
00296nam a22001337a 4500
008
170525b xxu||||| |||| 00| 0 eng d
020
_a
3540136509
041
_a
eng
080
_a
621.3
100
_a
26
101
_a
IM
245
_a
CONTROL OF ELECTRICAL DRIVES
_c
LEONHARD,W
942
_2
udc
_c
BK
999
_c
14243
_d
14243